header

Reliability, maintainability and risk (Record no. 82518)

MARC details
000 -LEADER
fixed length control field 01384nam a2200361Ia 4500
082 04 - DEWEY DECIMAL CLASSIFICATION NUMBER
Classification number 620.00452
100 1# - MAIN ENTRY--AUTHOR NAME
Personal name Smith, David John,
245 10 - TITLE STATEMENT
Title Reliability, maintainability and risk
250 ## - EDITION STATEMENT
Edition statement 7th ed.
260 ## - PUBLICATION, DISTRIBUTION, ETC. (IMPRINT)
Place of publication Amsterdam ;
-- Boston :
Name of publisher Elsevier Butterworth-Heinemann,
Year of publication 2005.
300 ## - PHYSICAL DESCRIPTION
Number of Pages xii, 346 p. :
Other physical details ill.
500 ## - GENERAL NOTE
General note Previous ed.: 2001.
650 #0 - SUBJECT ADDED ENTRY--TOPICAL TERM
Topical Term Reliability (Engineering)
Topical Term Maintainability (Engineering)
Topical Term Engineering design.
856 40 - ELECTRONIC LOCATION AND ACCESS
Uniform Resource Identifier http://site.ebrary.com/lib/rucke/Doc?id=10138701

No items available.

© 2026 Rongo University
Contact us: librarian | system librarian | Rongo university